00620nam a2200145Ia 4500008004100000024004500041082001700086100006500103245009600168260002500264600002700289650003300316952010800349999001700457250506s9999 xx 000 0 und d a12B-=131-EL, 12B-156-EL & 12B-165-EL a621.35072MUH aMuhammad Mubeen, Hassan Ahsan Mallick & Umair Shahid Mallick 0aImplementation of Water Injection System to Control Cement Grinding Temperature Through PLC aKarachi:bUIT,c2012 aElectrical Engineering aBachelor of Engineering (BE) 001040708PR-EEaUITUbUITUd2022-07-26l0o621.35072MUHpEE-385r2025-05-06 11:34:21w2025-05-06yPR c28316d28316